Evénements du 5 janvier - Statistiques

Statistiques générales
  • Ce quiz a été pris 47 fois
  • Le résultat moyen est 8 sur 15
Statistiques - réponses
Hint Réponse % Correct
Attentat de François Damiens contre Louis XV 1757
90%
Bombardement de Royan 1945
81%
1ère représentation du Cid de Corneille 1637
77%
Dreyfus est dégradé 1895
74%
Mort du duc de Bourgogne, Charles le Téméraire 1477
71%
Mort d'André Franqun, dessinateur de Spirou 1997
71%
Mort du roi d'Angleterre Edouard le Confesseur 1066
65%
Inauguration de l'opéra Garnier à Paris 1875
45%
Naissance de Hubert Beuve-Méry, fondateur du Monde 1902
45%
Naissance de Diane Keaton, actrice 1946
42%
Naissance d'Umberto Eco, écrivain 1932
35%
Naissance de Konrad Adenauer 1876
23%
Naissance de Juan Carlos d'Espagne 1938
19%
Mort de Mistinguett 1956
19%
Début de la construction du Golden Gate à San Francisco 1933
10%
Aucun quiz correspondant
Distribution des résultats
% des personnes avec chaque résultat
Percentile par nombre de réponses
Votre historique - résultats
Vous n’avez pas pris ce quiz